000 00878nas a2200289 4500
001 BR0807714
003 BR-BrBNA
005 20231205112719.0
007 ta
008 230509b bl.|||p| |||| 00| 00por d
040 _aBR-BrBNA
_bpor
_cBiblioteca Nacional de Agricultura
041 _a(En)
072 _aF60
100 1 _aPereira, L.F.P.
100 1 _aGalvão, R.M.
100 1 _aKobayashi, A.
100 1 _aCação, S.M.B.
100 1 _aVieira, L.G.E.
245 1 _aEthylene production and acc oxidase gene expression during fruit ripening of coffea arabica L.
650 _aCAFÉ
650 _aBIOLOGIA VEGETAL
650 _aETILENO
650 _aMATURAÇÃO
773 0 _tBrazilian Journal of Plant Physiology (Brazil)
_xISSN 1677-0420
_g(Jul-Sep 2005), v. 17(3) p. 283-289
_wBR0807714
909 _a202311
_bLúcia
_c55
_dLúcia Elande
942 _2AGRIS
_n0
_cANA
999 _c199535
_d199535